| 000 | 02652nam0a2200397 4500 | ||
|---|---|---|---|
| 001 | RU\NLR\bibl\1140334 | ||
| 005 | 20260406060509.0 | ||
| 010 |
_a978-5-9697-0394-0 _95000 |
||
| 021 |
_aRU _b2007-57963 _93081 |
||
| 035 | _a(nilc)RSL-KNO-003184002 | ||
| 035 | _a(NLR Aleph) 001127198 | ||
| 090 |
_a1335052 _c1335052 |
||
| 100 | _a20070831d2007 |||y0rusy50 ca | ||
| 101 | 0 | _arus | |
| 102 | _aRU | ||
| 105 | _aa ||||||||| | ||
| 200 | 1 |
_aСлава и Галина _eсимфония жизни _fТамара Грум-Гржимайло |
|
| 210 |
_aМосква _cВагриус _d2007 |
||
| 215 |
_a510 с., [16] л. ил., портр., цв. ил., портр. _cил., портр. _d24 |
||
| 600 | 1 |
_aРостропович _bМ.Л. _f1927 - 2007 _gМстислав Леопольдович _91241975 _3RU\NLR\auth\66190146 |
|
| 600 | 1 |
_aВишневская _bГ. П. _f1926 - 2012 _gГалина Павловна _91284031 _3RU\NLR\auth\66212203 |
|
| 610 | 0 | _aИскусство. Искусствознание -- Музыка -- Инструментальная музыка -- Смычковые инструменты -- Виолончель -- Российская Федерация -- История исполнительства в России -- Ростропович Мстислав Леопольдович (1927 - 2007) - виолончелист -- Биографии | |
| 610 | 0 | _aИскусство. Искусствознание -- Театр -- Музыкальный театр -- Оперный театр -- История оперного театра -- Российская Федерация -- Русский оперный театр -- Вишневская Галина Павловна (р.1926) - артистка театра -- Биографии | |
| 686 |
_aЩ315.56-73(2Р=Р)7-83Ростропович М.Л.2,0 _2rubbk |
||
| 686 |
_aЩ335.413(2Р=Р)7-86Вишневская Г.П.2,0 _2rubbk |
||
| 686 | _aЩ313(2Р=Рус)7-83Ростропович | ||
| 686 | _aЩ335.413(2Р=Рус)7-86Вишневская | ||
| 700 | 1 |
_4070 _8rus _7ca _aГрум-Гржимайло _bТ. Н. _f1929 - _gТамара Николаевна _3RU\NLR\auth\7710708 _9120473 |
|
| 702 | 1 |
_4570 _8rus _7ca _aРостропович _bМ. Л. _f1927-2007 _gМстислав Леопольдович _3RU\NLR\auth\7757237 _940169 |
|
| 702 | 1 |
_4570 _8rus _7ca _aВишневская _bГ. П. _cпевица _f1926-2012 _gГалина Павловна _3RU\NLR\auth\7765724 _948653 |
|
| 801 | 0 |
_aRU _bРКП _c20070831 _grcr |
|
| 801 | 1 |
_aRU _bРГБ _c20070831 |
|
| 801 | 2 |
_aRU _bNLR _c20071015 _grcr |
|
| 942 | _cBOOK | ||
| 980 | _aNB | ||